000 01527nam a2200349 a 4500
999 _c3560
_d3560
003 BLK
005 20250422085604.0
008 180412b bul|||||r ||||||| ||bul||
010 _aKNG00004656000
020 _a954-8272-30-Х
040 _aBLK
041 _aBUL
_cBUL
080 _aАнглийска литература
_b821.111
_x-312.4
_z821.111-312.4
100 1 _aЧейс, Джеймс Хадли
_eпърви автор
_9241644
139 _aЧейс, Джеймс Хадли
_bЧ 49
245 1 0 _aМис Калаган се натъжава
_bКримин. роман
_cДжеймс Хадли Чейс; прев. от англ. Станислава Александрова Миланова.
257 _aGBR
260 _aСофия
_bАлбор
_c1995
300 _a238 с.
_c20 см
380 _aX
490 _aБиблиотека Престъпления
_9201811
500 _aОриг. загл. Miss Callaghan Comes to Greif / James Hadley Chase. - 10 000 тир.
653 _aкрими
700 _aМиланова, Станислава Александрова
_gПреводач от английски и руски език.
_d1967-
_qМиланова-Леонтиева, Станислава Александрова
_9363380
852 _aЦб 173826
_bЦб
856 4 _qpdf
_u
_i0.00
_ldisable
856 4 _qpdf
_u
_i0.00
_ldisable
942 _cKNG
_n0
_07
_s1
944 _aCR
_c15.01.2003
_k30530
_lМинев Младен
944 _aED
_c04.05.2005
999 _d3560